| 000 | 02108nam a2200241Ii 4500 | ||
|---|---|---|---|
| 008 | 221202s xx 000 0 und d | ||
| 100 | 1 |
_aBreen, Paul, _eauthor |
|
| 245 | 0 | _aDeveloping Educators for The Digital Age | |
| 246 | _aA Framework for Capturing Knowledge in Action | ||
| 264 |
_bUniversity of Westminster Press _c2018 |
||
| 300 | _a1 online resource (218 pages) | ||
| 336 |
_atext _btxt _2rdacontent |
||
| 337 |
_acomputer _bc _2rdamedia |
||
| 338 |
_aonline resource _bcr _2rdacarrier |
||
| 520 | _aEvaluating skills and knowledge capture lies at the cutting edge of contemporary higher education where there is a drive towards increasing evaluation of classroom performance and use of digital technologies in pedagogy. Developing Educators for the Digital Age is a book that provides a narrative account of teacher development geared towards the further usage of technologies (including iPads, MOOCs and whiteboards) in the classroom presented via the histories and observation of a diverse group of teachers engaged in the multiple dimensions of their profession. Drawing on the insights of a variety of educational theories and approaches (including TPACK) it presents a practical framework for capturing knowledge in action of these English language teachers : in their own voices : indicating how such methods, processes and experiences shed light more widely on related contexts within HE and may be transferable to other situations. This book will be of interest to the growing body of scholars interested in TPACK theory, or communities of practice theory and more widely anyone concerned with how new pedagogical skills and knowledge with technology may be incorporated in better practice and concrete instances of teaching. | ||
| 653 | _aCommunities Of Practice | ||
| 653 | _aDigital Technologies | ||
| 653 | _aKnowledge Capture | ||
| 653 | _aTeacher Development | ||
| 653 | _aTpack | ||
| 856 |
_uhttps://docs.google.com/spreadsheets/d/1yKIrdCPDAG_9c22mwoOIO2DOhtj65Wqa/edit?usp=sharing&ouid=106555315294820607512&rtpof=true&sd=true _yList of Curated E-Books |
||
| 942 | _cE-BOOK | ||
| 999 |
_c92831 _d92828 |
||